| Поле | Инд. | ПП | Название | Значение |
|---|---|---|---|---|
| Тип записи | a | |||
| Библиографический уровень | b | |||
| 001 | Контрольный номер | DU/602863079 | ||
| 005 | Дата корректировки | 20250318111711.7 | ||
| 008 | Кодируемые данные | 20190124 | ||
| 040 | b | Код языка каталог. | rus | |
| e | Правила каталог. | PSBO | ||
| 041 | 0_ | a | Код языка текста | rus |
| 084 | a | Индекс другой классификации/Индекс ББК | 88.323 | |
| 100 | 1_ | a | Автор | Ноакк Н. В. |
| q | Полное имя | Ноакк Наталия Вадимовна | ||
| 100 | 1_ | a | Автор | Ларин С. Н. |
| q | Полное имя | Ларин Сергей Николаевич | ||
| 100 | 1_ | a | Автор | Знаменская А. Н. |
| q | Полное имя | Знаменская Александра Николаевна | ||
| 245 | 10 | a | Заглавие | Новый подход к использованию психологических механизмов для формирования доверия пользователей к продуктам цифровой экономики |
| 504 | a | Библиография | Библиогр.: с. 161 | |
| 520 | a | Аннотация | В статье исследована проблема адаптации и формирования доверия пользователей к продуктам цифровой экономики. На основании результатов обзора работ отечественных и зарубежных специалистов показана важность адаптационных психологических механизмов на уровне разных групп населения и отдельной личности. Выявлен комплекс проблем адаптации/дезадаптации личности к восприятию объективной реальности расширения сфер для использования продуктов цифровой экономики. Сделан вывод о не однозначном влиянии продуктов цифровой экономики на развитие личности. Предложен новый подход – введение в контекст психологических механизмов концепта адаптации для формирования доверия к продуктам цифровой экономики. В современном обществе доверие может стать тем фактором, который создаст необходимые условия для благоприятного восприятия продуктов цифровой экономики всеми группами населения. В этой ситуации следует, по-видимому, говорить о существовании границ необходимого доверия к продуктам цифровой экономики, а также сфер и условий его проявления для оптимального развития личности. С одной стороны, повышение доверия к новым возможностям продуктов цифровой экономики будет способствовать социально-экономическому развитию всего общества. С другой – необходимо исследовать психологические условия, которые могут служить ограничениями, барьерами на пути дезадаптации личности и ее восприятия возможностей использования этих продуктов | |
| 650 | 14 | a | Основная рубрика | психология |
| a | Основная рубрика | социальная психология | ||
| 653 | a | Ключевые слова | адаптация | |
| a | Ключевые слова | доверие пользователей | ||
| a | Ключевые слова | доверие потребителей | ||
| a | Ключевые слова | Интернет | ||
| a | Ключевые слова | политическая психология | ||
| a | Ключевые слова | продукты цифровой экономики | ||
| a | Ключевые слова | цифровая экономика | ||
| 773 | 08 | t | Заглавие источника | Психология. Историко-критические обзоры и современные исследования |
| d | Дата издания источника | 2018 | ||
| g | Прочая информация | Т. 7, № 1А. - С. 156 - 163 | ||
| w | Контрольный № источника | DU/598461108 | ||
| 901 | t | Тип документа | b |